00201 a2200109 4500001000700000041000800007245001200015250001000027300001200037040002500049260001700074113902 apor10aItautec a. ed. aItautec aBR-BrIDEAcBR-BrIDEA a[S.l.]c2016